00451nam a22001457a 4500003000900000008004100009040007100050082001700121245003200138260004500170300002600215505003500241650001500276650001400291AR-CdUCM190313b ||||| |||| 00| 0 spa d aMUNICIPALIDAD PROVINCIAL DEL CUSCOcBIBLIOTECA MUNICIPAL DEL CUSCO a223.6 /bC25 aEl Cantar de Los Cantares / aBuenos Aires :bGuillermo Kraft ;c1955. a121 páginas ;c18cm aContenido: Cantar de cantares  aLa biblia  aCantares